000 00628nam a22002057a 4500
005 20260318104758.0
010 _aENG-147909
020 _a9789369589180
_c299.00
035 _aEN-131441
037 _bDBAD
082 _a320
_22
100 _aMishra, Vishal
_988561
245 _aIndian Polity Through Mind Maps/
_cVishal Mishra [and] Satyam Jain
250 _a2
260 _aUttar Pradesh
_bS. Chand Publishing
_c2026
270 _aD-92, Sector-02, Noida
_bUttar Pradesh
_e201301
_k91-120-4682700
300 v _a160p.
_c20cm(pb)
700 _aJain, Satyam
_eAuthor
_988562
942 _2ddc
_cEN
_mMIS
_h320
999 _c215589
_d215589